• 首页
  • 本馆介绍
  • 公告通知
  • 最新文献
  • 馆藏检索
  • 电子资源
  • 读者导购
  • 参考咨询
  • 我的图书馆
  • 登录
  • 详细信息显示
  • 放入我的书架
  • 预约/预借图书
  • 作者相关作品
  • 分类相关作品
  • 丛书相关作品
  • 出版社相关作品

书目信息

  • 表格格式
  • 工作单格式
  • 卡片格式
题名:
仲夏夜之梦序曲
    
 
作者: 门德尔松 作曲
分册:  
出版信息: 北京   人民音乐出版社  1978
页数: 54页
开本: 20cm
丛书名:
单 册:
中图分类: J647.61
科图分类:
主题词: 音乐--作品--中国
电子资源:
ISBN:
000 00631nam0 2200217 45
001 0178003802
005 20060819163858.42
010    @dCNY0.34
091    @a8026.3412
100    @a19950724d1978 em y0chiy0121 ea
101 1  @achi@cger
102    @aCN@b110000
105    @ag z 000yy
200 10 @a仲夏夜之梦序曲@Azhong xia ye zhi meng xu qu@e管弦乐总谱@f(德)F·门德尔松作曲@F(de)F·men de er song zuo qu
210    @a北京@c人民音乐出版社@d1978
215    @a54页@d20cm
606 0  @a音乐@x作品@x中国
690    @aJ647.61
701  0 @a门德尔松@Amen de er song@4作曲
801  0 @aCN@bNLC@c20060819
905    @f1@b2018@dJ647.61@e2
    
    仲夏夜之梦序曲:管弦乐总谱/(德)F·门德尔松作曲.-北京:人民音乐出版社,1978
    54页;20cm
    
    
    ISBN :CNY0.34
    
●
相关链接 在E读中查询图书 在五车中查询图书 在当当中查询图书 在豆瓣中查询图书


正题名:仲夏夜之梦序曲     索取号:J647.61/2         预约/预借

序号 登录号 条形码 馆藏地/架位号 状态 备注
1 0002014   202229392   密集书库/ [索取号:J647.61/2] 在馆    
2 0002018   001203735   第一样本阅览室/ [索取号:J647.61/2] 在馆    
3 0002019   202333279   密集书库/ [索取号:J647.61/2] 在馆    
4 0466967   204669670   密集书库/ [索取号:J647.61/2] 在馆    
唐山师范学院图书馆 欢迎您!
大连网信软件有限公司© 版权所有